Penguraian kalimat. (Record no. 88198)

MARC details
000 -LEADER
fixed length control field 00580cam a22002171 4500
001 - CONTROL NUMBER
control field sa 68018137
003 - CONTROL NUMBER IDENTIFIER
control field DLC
005 - DATE AND TIME OF LATEST TRANSACTION
control field 20260227112709.0
008 - FIXED-LENGTH DATA ELEMENTS--GENERAL INFORMATION
fixed length control field 730823s1960 xx 000 0 ind
010 ## - LIBRARY OF CONGRESS CONTROL NUMBER
LC control number sa 68018137
035 ## - SYSTEM CONTROL NUMBER
System control number (OCoLC)681718
040 ## - CATALOGING SOURCE
Original cataloging agency DLC
Transcribing agency OAU
Modifying agency DLC
042 ## - AUTHENTICATION CODE
Authentication code premarc
050 00 - LIBRARY OF CONGRESS CALL NUMBER
Classification number PL5074
Item number .S38 1960
100 1# - MAIN ENTRY--PERSONAL NAME
Personal name Sastradiwirya, Oemar.
245 10 - TITLE STATEMENT
Title Penguraian kalimat.
250 ## - EDITION STATEMENT
Edition statement [Tjet. 2., diperbaharui dan diperluas.
260 ## - PUBLICATION, DISTRIBUTION, ETC.
Place of publication, distribution, etc. Djakarta]
Name of publisher, distributor, etc. Djambatan
Date of publication, distribution, etc. [1960]
300 ## - PHYSICAL DESCRIPTION
Extent vi, 126 p.
Dimensions 19 cm.
650 #0 - SUBJECT ADDED ENTRY--TOPICAL TERM
Topical term or geographic name entry element Indonesian language
General subdivision Grammar.

No items available.

Powered by Koha